00492nam a2200193 a 4500001001300000003000900013005001700022008004100039020000900080082001700089100001800106245003200124260004700156300000800203500003500211505001000246650002400256700001800280nice12345678IN_TiNIC20260116011655.0050524s1929 inda grp 000 0 eng  ac1200a291.172bNET aNetram, J W R aIndia`s Religious Questions aIndorebChristian Literature Societyc1929 a92p aincludes index and biblioraphy2 aIndex aInterfaith Dialogue1 aNetram, J W R